El contrato social : (Registro nro. 49510)

Detalles MARC
000 -LEADER
fixed length control field 01255nam a2200313 4500
001 - CONTROL NUMBER
control field 0000015446
003 - CONTROL NUMBER IDENTIFIER
control field CO-CtgCURN
005 - DATE AND TIME OF LATEST TRANSACTION
control field 20250825223110.0
008 - FIXED-LENGTH DATA ELEMENTS--GENERAL INFORMATION
fixed length control field 160627s1993 000 0 eng d
020 ## - INTERNATIONAL STANDARD BOOK NUMBER
International Standard Book Number 8448701216
040 ## - CATALOGING SOURCE
Original cataloging agency CO-CtgCURN
Language of cataloging spa
Transcribing agency coctgcurn
082 0# - DEWEY DECIMAL CLASSIFICATION NUMBER
Classification number 320.1
Item number R68c7
100 1# - MAIN ENTRY--PERSONAL NAME
Personal name Rousseau, Jean Jacques.
245 13 - TITLE STATEMENT
Title El contrato social :
Remainder of title o principios de derecho politico /
Statement of responsibility, etc. por Jean Jacques Rousseau , estudio preliminar y traducción de María José Villaverde.
260 ## - PUBLICATION, DISTRIBUTION, ETC.
Place of publication, distribution, etc. Barcelona :
Name of publisher, distributor, etc. Ediciones Altaya,
Date of publication, distribution, etc. 1993.
300 ## - PHYSICAL DESCRIPTION
Extent xxxiii, 140 p.
336 ## - CONTENT TYPE
Source rdacontent
337 ## - MEDIA TYPE
Source rdamedia
Media type term sin mediacion
Media type code n
338 ## - CARRIER TYPE
Source rdacarrier
Carrier type term volumen
Carrier type code nc
490 1# - SERIES STATEMENT
Series statement Grandes obras del pensamiento ;
Volume/sequential designation 2
500 ## - GENERAL NOTE
General note Titulo original. Du contrat social.
504 ## - BIBLIOGRAPHY, ETC. NOTE
Bibliography, etc. note Bibliografia(p. xxx-xxxiii)
505 8# - FORMATTED CONTENTS NOTE
Formatted contents note El contrato social o principios de derecho politico.--Del pacto social.--Del estado civil.--De la ley.--Del pueblo.--Como se mantiene la autoridad soberana.--De la dictadura
650 #0 - SUBJECT ADDED ENTRY--TOPICAL TERM
Topical term or geographic name entry element Ciencia política.
700 1# - ADDED ENTRY--PERSONAL NAME
Personal name Villaverde, María José,
Relator term Traductor.
908 ## - PUT COMMAND PARAMETER (RLIN)
Put command parameter 160627
942 ## - ADDED ENTRY ELEMENTS (KOHA)
Koha item type Libros
Classification part 320.1
Item part R68c7
Source of classification or shelving scheme Dewey Decimal Classification
999 ## - SYSTEM CONTROL NUMBERS (KOHA)
-- 1
Existencias
Withdrawn status Lost status Source of classification or shelving scheme Damaged status Not for loan Home library Current library Shelving location Date acquired Total checkouts Full call number Barcode Date last seen Price effective from Koha item type
    Dewey Decimal Classification     Miguel Henríquez Castañeda Miguel Henríquez Castañeda General 03/04/2019   320.1 R68c7 002676 03/04/2019 03/04/2019 Libros